Normal view
MARC view
- MUHAMMAD KAMAL AMJAD
Entry Personal Name
001 - CONTROL NUMBER
- control field: 72865
003 - CONTROL NUMBER IDENTIFIER
- control field: NUST
005 - DATE AND TIME OF LATEST TRANSACTION
- control field: 20210628204929.0
008 - FIXED-LENGTH DATA ELEMENTS
- fixed length control field: 210628|| aca||aabn | a|a d
040 ## - CATALOGING SOURCE
- Original cataloging agency: NUST
- Transcribing agency: NUST
100 ## - HEADING--PERSONAL NAME
- Personal name: MUHAMMAD KAMAL AMJAD
670 ## - SOURCE DATA FOUND
- Source citation: Work cat.: (NUST): MUHAMMAD KAMAL AMJAD,, TH-SOF-0612-METHODOLOGIES FOR MODELING AND ANALYSIS OF PERFORMANCE MEASUREMENT IN PRODUCT DEVELOPMENT, 2018
